000 00654nam a2200217Ia 4500
003 GCL
008 140319s9999 xx 000 0 ara d
040 _aGCL /
_cGCL
082 0 4 _a811.062
_bس د
100 1 _aسمير سرحان
245 1 0 _aمن ديوان الامام الشافعى /
_cسمير سرحان
700 1 _aالامام الشافعى
300 _a88 ص
490 _aسلسلة مكتبة الاسرة
_v0
650 0 4 _aالشعر العربى
650 0 4 _aالادب العربى
650 0 4 _aالشعر الدينى
650 0 4 _aالادب الدينى
650 0 4 _aالقصائد الدينية
942 _2ddc
_cBK
999 _c50184
_d50184